00894cam a2200229 a 4500020003200000040000800032082003900040100001900079245006900098250001200167260003100179300002900210650002200239650002900261650001400290856005800304856006500362856006600427942000700493999001700500952014700517 a0471119954 (acidfree paper) cDLC00a344 WIL 1995 A020 Or.a347.30446031 aKing, James J.14aThe environmental dictionary :band regulatory cross reference / a3rd ed. aNew York :bWiley,cc1995. axviii, 1295 p. ;c26 cm. 0aEnvironmental law 0aEnvironmental protection 0aPollution42uhttp://www.loc.gov/catdir/bios/wiley041/94040758.html42uhttp://www.loc.gov/catdir/description/wiley032/94040758.html41uhttp://www.loc.gov/catdir/enhancements/fy0608/94040758-t.html cEK c12590d12590 0010406344_000000000000000_WIL_1995_A020_OR70962526aLBAbLBAcA020d2017-08-15o344 WIL 1995 A020 Or.pA16803r2017-08-15w2017-08-15yEK